| 000 | 00838cam a2200229 4500 | ||
|---|---|---|---|
| 001 | sa 68000610 | ||
| 003 | DLC | ||
| 005 | 20260227112425.0 | ||
| 008 | 890908m19639999pk 000 0 urdo | ||
| 010 | _asa 68000610 | ||
| 040 |
_aDLC _cDLC _dDLC |
||
| 050 | 0 | 0 |
_aBP163 _b.M3819 |
| 100 | 1 |
_aMaudoodi, Syed Abul ʻAla, _d1903-1979. |
|
| 245 | 1 | 0 |
_aRasāʼil o masāʼil. _c[Muṣannif] Sayyid Abūlaʻlā Maudūdī. |
| 260 |
_aLāhaur, _bIslāmik Pablīkeshanz _c[1963- <1986 > |
||
| 300 |
_av. <1-7 > ; _c19 cm. |
||
| 500 | _aIn Urdu. | ||
| 500 | _aVols. 3-4, 6- : ishāʻat 1; v. 5: ishāʻat 2. | ||
| 500 | _aVol. 5- published by Idārah-yi Maʻārif-i Islāmī, Lāhaur. | ||
| 500 | _aVols. 6-7 written by Malik G̲h̲ulām ʻAlī and published by Idārah-yi Maʻārif-i Islāmī, Lāhaur. | ||
| 650 | 0 |
_aIslam _xMiscellanea. |
|
| 999 |
_c77327 _d77327 |
||